An introduction to solid geometry: (Record no. 20874)

MARC details
000 -LEADER
fixed length control field 00916nam a22002294a 4500
005 - DATE AND TIME OF LATEST TRANSACTION
control field 20080917104111.0
008 - FIXED-LENGTH DATA ELEMENTS--GENERAL INFORMATION
fixed length control field 030915s2004 cauab b 001 0 eng
010 ## - LCCN (DPL NO)
LC control number ENG-92452
020 ## - INTERNATIONAL STANDARD BOOK NUMBER
International Standard Book Number 9788190714457
Terms of availability 75.00
035 ## - SYSTEM CONTROL NUMBER
System control number EN-75985
037 ## - SOURCE OF ACQUISITION
Source of stock number/acquisition DBAD / PUB
040 ## - CATALOGING SOURCE
Original cataloging agency dpl
Language of cataloging English
082 ## - DEWEY DECIMAL CLASSIFICATION NUMBER
Classification number 516.06
100 ## - MAIN ENTRY--PERSONAL NAME
Personal name John, B. Stephen
245 ## - TITLE STATEMENT
Title An introduction to solid geometry:
Statement of responsibility, etc by B. Stephen John
Remainder of title (for B.Sc. mathematics major) (for Manomaniam Sundaranar and other universities) /
260 ## - PUBLICATION, DISTRIBUTION, ETC. (IMPRINT)
Place of publication, distribution, etc Kanyakumari
Name of publisher, distributor, etc Divya Jothi Publication
Date of publication, distribution, etc 2007
270 ## - ADDRESS
Address 18/43,-A, South Kundal,
City Kanyakumari
Postal code 629702
300 ## - PHYSICAL DESCRIPTION
Extent 248p.
Dimensions 20 cm (pbk)
650 ## - SUBJECT ADDED ENTRY--TOPICAL TERM
Topical term or geographic name as entry element Geometry, Solid
942 ## - ADDED ENTRY ELEMENTS (KOHA)
Source of classification or shelving scheme Dewey Decimal Classification
Item type English Books
Call number suffix JOH
Classification part 516.06
Holdings
Withdrawn status Lost status Source of classification or shelving scheme Damaged status Not for loan Collection code Home library Current library Date acquired Source of acquisition Cost, normal purchase price Total Checkouts Full call number Barcode Date last seen Copy number Cost, replacement price Koha item type
    Dewey Decimal Classification   Not For Loan Non-fiction D.B.Act.Division D.B.Act.Division 12/01/2009 DBAB / PUB 75.00   516.06 JOH EN-75985 12/01/2009 1 75.00 English Books

© Delhi Public Library
Hit Counter
free hit counter